000 00803nam a22001817a 4500
003 UA-OsUOA
001 18254
007 ta
008 20040426b un ||||| |||| 00| 0 ukr d
100 _aХмелецький О.
942 _cSA
040 _aUA-OsUOA
_cUA-OsUOA
_dUA-OsUOA
245 _aЗемля повинна давати прибуток
_b[Розмрва з головою комісії з питань архітектури , будівництва та землевпорядкування О.Хмелецьким про земельні питання , які обговорювалися на сесії міськ. ради]
300 _aС.4
955 _a0
773 0 _w0
_tСім днів
_dРівне
_d2004
_g№15/ 9 квіт./
650 7 _aЗемельні відносини
_2UDC
999 _c304424
_d304424